[Event "Oberliga Ost A 2016 2017"]
[Site "Germany"]
[Date "2016.11.20"]
[Round "3.7"]
[White "Liedtke, Matthias"]
[Black "Boehm, Robert"]
[Result "1/2-1/2"]
[WhiteElo "2261"]
[BlackElo "2133"]
[PlyCount "69"]
[EventDate "2016.10.16"]
[EventType "team-tourn"]
[EventCountry "GER"]
[WhiteTeam "Leipzig SG"]
[BlackTeam "Hoyerswerda FVS ASP"]
[WhiteTeamCountry "GER"]
[BlackTeamCountry "GER"]

1. e4 c5 2. Nc3 Nc6 3. g3 g6 4. Bg2 Bg7 5. d3 d6 6. Nh3 Nd4 7. O-O e6 8. Be3
Ne7 9. Qd2 O-O 10. Bh6 f6 11. Bxg7 Kxg7 12. f4 e5 13. Nd1 Be6 14. c3 Ndc6 15.
Ne3 Qd7 16. Nf2 d5 17. exd5 Nxd5 18. fxe5 Nxe5 19. Nc4 Nc6 20. Ne4 b6 21. a4
Rad8 22. a5 f5 23. Ng5 Bg8 24. axb6 axb6 25. Nf3 Rfe8 26. Rfe1 Rxe1+ 27. Rxe1
Re8 28. Re2 Rxe2 29. Qxe2 Qe7 30. Nce5 Nxe5 31. Nxe5 Kf6 32. d4 cxd4 33. cxd4
Kg7 34. Qb5 Qd6 35. Qd7+ 1/2-1/2

[Event "Oberliga Ost A 2016 2017"]
[Site "Germany"]
[Date "2016.11.20"]
[Round "3.8"]
[White "Heyme, Sibylle"]
[Black "Hoffmann, Hendrik"]
[Result "0-1"]
[WhiteElo "2036"]
[BlackElo "2298"]
[PlyCount "68"]
[EventDate "2016.10.16"]
[EventType "team-tourn"]
[EventCountry "GER"]
[WhiteTeam "Hoyerswerda FVS ASP"]
[BlackTeam "Leipzig SG"]
[WhiteTeamCountry "GER"]
[BlackTeamCountry "GER"]

1. e4 d6 2. d4 Nf6 3. Nc3 g6 4. f3 Bg7 5. Be3 O-O 6. Nge2 e5 7. dxe5 dxe5 8.
Qxd8 Rxd8 9. Nc1 Nc6 10. Nd3 b6 11. O-O-O Be6 12. Be2 Ne8 13. Rhe1 f6 14. Rd2
Bf8 15. Red1 Nd4 16. Bf1 Nd6 17. b3 c5 18. Kb2 Rdc8 19. f4 Nf7 20. fxe5 fxe5
21. h3 Bg7 22. Rf2 Rc7 23. g4 Rac8 24. Rc1 Nd6 25. Bg2 b5 26. Nd1 c4 27. Nb4 a5
28. Nd5 Bxd5 29. exd5 cxb3 30. cxb3 Rxc1 31. Bxc1 a4 32. h4 e4 33. Be3 Nc2+ 34.
Kb1 Na3# 0-1

[Event "Oberliga Ost A 2016 2017"]
[Site "Germany"]
[Date "2016.11.20"]
[Round "3.1"]
[White "Woellermann, Jan"]
[Black "Schmidt Schaeffer, Sebastian"]
[Result "0-1"]
[WhiteElo "2379"]
[BlackElo "2383"]
[PlyCount "78"]
[EventDate "2016.10.16"]
[EventType "team-tourn"]
[EventCountry "GER"]
[WhiteTeam "Magdeburg SG Aufbau Elbe"]
[BlackTeam "Naumburger SV"]
[WhiteTeamCountry "GER"]
[BlackTeamCountry "GER"]

1. d4 e6 2. c4 f5 3. Nc3 Nf6 4. Qc2 Be7 5. Nf3 O-O 6. h3 d5 7. Bf4 c6 8. e3 Na6
9. a3 Nc7 10. Bd3 Kh8 11. g4 dxc4 12. Bxc4 b5 13. Bd3 b4 14. Ne2 Bb7 15. Ne5 c5
16. Rg1 Ne4 17. gxf5 exf5 18. f3 Bh4+ 19. Ng3 Nxg3 20. Bxg3 Bxg3+ 21. Rxg3 Qh4
22. Kf2 Ne6 23. Bxf5 Nxd4 24. exd4 Qxd4+ 25. Kg2 Qxe5 26. Bxh7 Rxf3 27. Rxf3
Qg5+ 28. Kh2 Bxf3 29. Qf2 Qf4+ 30. Qg3 Qd2+ 31. Kg1 Qd4+ 32. Kf1 Rf8 33. Bg6
Be4+ 34. Ke1 Bxg6 35. Qxg6 Qf2+ 36. Kd1 Rd8+ 37. Kc1 Qd2+ 38. Kb1 Qd1+ 39. Ka2
b3# 0-1

[Event "Oberliga Ost A 2016 2017"]
[Site "Germany"]
[Date "2016.11.20"]
[Round "3.2"]
[White "Gering, Samuel"]
[Black "Paul, Johannes"]
[Result "0-1"]
[WhiteElo "2079"]
[BlackElo "2297"]
[PlyCount "90"]
[EventDate "2016.10.16"]
[EventType "team-tourn"]
[EventCountry "GER"]
[WhiteTeam "Naumburger SV"]
[BlackTeam "Magdeburg SG Aufbau Elbe"]
[WhiteTeamCountry "GER"]
[BlackTeamCountry "GER"]

1. d4 Nf6 2. c4 e6 3. Nf3 b6 4. Nc3 Bb4 5. Bd2 Bb7 6. a3 Bxc3 7. Bxc3 Ne4 8.
Qc2 Qf6 9. Bd2 Nxd2 10. Qxd2 c5 11. Rd1 O-O 12. Qg5 Qxg5 13. Nxg5 Rd8 14. Nf3
Bxf3 15. gxf3 cxd4 16. Rxd4 Nc6 17. Rd1 Rac8 18. b3 Na5 19. Rd3 d5 20. e3 dxc4
21. bxc4 Rxd3 22. Bxd3 Nxc4 23. Bxc4 Rxc4 24. Kd2 h5 25. f4 b5 26. Rb1 a6 27.
Kd3 Kf8 28. Kd2 Ke7 29. Kd3 Kf6 30. Kd2 Kf5 31. f3 g5 32. fxg5 Kxg5 33. Rg1+
Kf5 34. f4 Ra4 35. Rg5+ Kf6 36. Rxh5 Rxa3 37. h4 b4 38. Rg5 b3 39. Kc3 b2+ 40.
Kxb2 Rxe3 41. Kc2 Rh3 42. h5 Rh4 43. h6 Rxf4 44. Rh5 Rc4+ 45. Kd3 Rc8 0-1

[Event "Oberliga Ost A 2016 2017"]
[Site "Germany"]
[Date "2016.11.20"]
[Round "3.3"]
[White "Melamed, Tatjana"]
[Black "Heinrich, Julius Tobias"]
[Result "1/2-1/2"]
[WhiteElo "2318"]
[BlackElo "2055"]
[PlyCount "82"]
[EventDate "2016.10.16"]
[EventType "team-tourn"]
[EventCountry "GER"]
[WhiteTeam "Magdeburg SG Aufbau Elbe"]
[BlackTeam "Naumburger SV"]
[WhiteTeamCountry "GER"]
[BlackTeamCountry "GER"]

1. e4 e6 2. d4 d5 3. Nd2 Nf6 4. e5 Nfd7 5. Bd3 c5 6. c3 Nc6 7. Ne2 Qb6 8. Nf3
Be7 9. O-O O-O 10. Nf4 cxd4 11. cxd4 Re8 12. a3 a5 13. Be3 Nf8 14. Qd2 a4 15.
Nh5 Ng6 16. Rad1 Bd7 17. Bh6 Bf8 18. Bb1 Na5 19. Nf6+ gxf6 20. Bxf8 Rxf8 21.
Qh6 Qd8 22. h4 Qe7 23. h5 f5 24. hxg6 fxg6 25. g3 Nc4 26. Rc1 Nxb2 27. Rc7 b5
28. Ng5 Rfd8 29. Kg2 Rac8 30. Rb7 Rb8 31. Ra7 Ra8 32. Rc7 Rac8 33. Rb7 Rb8 34.
Rh1 Rxb7 35. Nxh7 Qg7 36. Nf6+ Kf7 37. Qxg7+ Kxg7 38. Rh7+ Kf8 39. Rh8+ Ke7 40.
Rh7+ Kf8 41. Rh8+ Ke7 1/2-1/2

[Event "Oberliga Ost A 2016 2017"]
[Site "Germany"]
[Date "2016.11.20"]
[Round "3.4"]
[White "Huth, Volkmar"]
[Black "Schoene, Maria"]
[Result "0-1"]
[WhiteElo "2127"]
[BlackElo "2273"]
[PlyCount "148"]
[EventDate "2016.10.16"]
[EventType "team-tourn"]
[EventCountry "GER"]
[WhiteTeam "Naumburger SV"]
[BlackTeam "Magdeburg SG Aufbau Elbe"]
[WhiteTeamCountry "GER"]
[BlackTeamCountry "GER"]

1. d4 Nf6 2. c4 g6 3. Nc3 Bg7 4. Nf3 d6 5. g3 O-O 6. Bg2 Nc6 7. d5 Na5 8. Qd3
c5 9. O-O a6 10. Bd2 Rb8 11. Rab1 b5 12. b3 b4 13. Ne4 Nxe4 14. Qxe4 Bf5 15.
Qh4 Bxb1 16. Rxb1 e5 17. dxe6 Qxh4 18. exf7+ Rxf7 19. Nxh4 Rc7 20. Bd5+ Kh8 21.
Nf3 Nc6 22. Ng5 Nd8 23. Ne4 Nf7 24. h4 Be5 25. Kg2 a5 26. h5 gxh5 27. f4 Bd4
28. e3 Bg7 29. Rh1 a4 30. Rxh5 axb3 31. axb3 Bb2 32. Rh1 Rf8 33. Bc1 Ba1 34.
Rd1 Re7 35. Bxf7 Rxe4 36. Bh5 Rf6 37. Bf3 Re7 38. g4 h6 39. Bd2 Ra7 40. Be1
Ra2+ 41. Kh3 Bc3 42. Bg3 Rd2 43. Rh1 Kg7 44. g5 hxg5 45. Kg4 gxf4 46. Bxf4 Rg6+
47. Kf5 Be5 48. Bxe5+ dxe5 49. Be4 Rg3 50. Kxe5 Rxe3 51. Rh7+ Kg8 52. Rh4 Rxb3
53. Rg4+ Kf8 54. Bd5 Rh3 55. Rg8+ Ke7 56. Rg7+ Kd8 57. Kd6 Rh6+ 58. Kxc5 b3 59.
Rg8+ Ke7 60. Rg7+ Kf6 61. Rf7+ Kg6 62. Rf1 b2 63. Kb4 Rhh2 64. Be6 Rhf2 65. Rb1
Kf6 66. Bg8 Ke5 67. Kc3 Rc2+ 68. Kb3 Kd4 69. Bh7 Rc3+ 70. Ka2 Rh3 71. Bg6 Rh6
72. Be8 Kc3 73. Bb5 Rh7 74. Ba4 Ra7 0-1

[Event "Oberliga Ost A 2016 2017"]
[Site "Germany"]
[Date "2016.11.20"]
[Round "3.5"]
[White "Andre, Gordon"]
[Black "Haertig, Jens"]
[Result "1/2-1/2"]
[WhiteElo "2235"]
[BlackElo "2137"]
[PlyCount "46"]
[EventDate "2016.10.16"]
[EventType "team-tourn"]
[EventCountry "GER"]
[WhiteTeam "Magdeburg SG Aufbau Elbe"]
[BlackTeam "Naumburger SV"]
[WhiteTeamCountry "GER"]
[BlackTeamCountry "GER"]

1. d4 Nf6 2. c4 g6 3. Nc3 Bg7 4. e4 d6 5. f3 O-O 6. Bg5 c5 7. d5 e6 8. Qd2 exd5
9. cxd5 a6 10. a4 Nbd7 11. Nh3 h6 12. Be3 Nh7 13. Nf2 h5 14. Be2 Ne5 15. f4 Ng4
16. Nxg4 hxg4 17. O-O Re8 18. e5 dxe5 19. Bxc5 Bf5 20. fxe5 Bxe5 21. Bd4 Bd6
22. Qh6 Bf8 23. Qf4 Bd6 1/2-1/2

[Event "Oberliga Ost A 2016 2017"]
[Site "Germany"]
[Date "2016.11.20"]
[Round "3.6"]
[White "Ruemmler, Roland"]
[Black "Sieber, Fiona"]
[Result "0-1"]
[WhiteElo "1952"]
[BlackElo "2236"]
[PlyCount "52"]
[EventDate "2016.10.16"]
[EventType "team-tourn"]
[EventCountry "GER"]
[WhiteTeam "Naumburger SV"]
[BlackTeam "Magdeburg SG Aufbau Elbe"]
[WhiteTeamCountry "GER"]
[BlackTeamCountry "GER"]

1. d4 Nf6 2. Nf3 g6 3. g3 Bg7 4. Bg2 d5 5. O-O O-O 6. c4 dxc4 7. Ne5 c5 8. dxc5
Qc7 9. Nxc4 Qxc5 10. Ne3 Nc6 11. Nc3 Be6 12. Qa4 Rfd8 13. Qb5 Qxb5 14. Nxb5
Rac8 15. Rd1 Rxd1+ 16. Nxd1 Nd5 17. Nbc3 Nxc3 18. Nxc3 b6 19. Bd2 Na5 20. Be1
Nc4 21. Bd5 Nxb2 22. Bxe6 fxe6 23. Rb1 Rxc3 24. Bxc3 Bxc3 25. Rc1 Na4 26. Rd1
Bf6 0-1

[Event "Oberliga Ost A 2016 2017"]
[Site "Germany"]
[Date "2016.11.20"]
[Round "3.7"]
[White "Roseneck, Jonas"]
[Black "Wendling, Florian"]
[Result "1-0"]
[WhiteElo "2011"]
[BlackElo "1994"]
[PlyCount "59"]
[EventDate "2016.10.16"]
[EventType "team-tourn"]
[EventCountry "GER"]
[WhiteTeam "Magdeburg SG Aufbau Elbe"]
[BlackTeam "Naumburger SV"]
[WhiteTeamCountry "GER"]
[BlackTeamCountry "GER"]

1. e4 c5 2. Nf3 d6 3. d4 cxd4 4. Nxd4 Nf6 5. Nc3 a6 6. Qf3 e6 7. Be3 Qc7 8. Qg3
Nbd7 9. O-O-O Nc5 10. f3 Bd7 11. Nb3 Nxb3+ 12. cxb3 b5 13. Kb1 Qb7 14. Be2 Be7
15. Qxg7 Rg8 16. Qh6 Rg6 17. Qh3 O-O-O 18. g4 e5 19. Nd5 Nxd5 20. exd5 Rh8 21.
Qh5 Kb8 22. Bd3 Rg7 23. Be4 f6 24. Rc1 Bd8 25. Qh6 Be8 26. g5 Rf8 27. Rc2 Bg6
28. Rhc1 Rff7 29. gxf6 Bxf6 30. Rc6 1-0

[Event "Oberliga Ost A 2016 2017"]
[Site "Germany"]
[Date "2016.11.20"]
[Round "3.8"]
[White "Muekke, Jens Frieder"]
[Black "Biastoch, Bennet"]
[Result "1/2-1/2"]
[WhiteElo "1969"]
[BlackElo "2105"]
[PlyCount "72"]
[EventDate "2016.10.16"]
[EventType "team-tourn"]
[EventCountry "GER"]
[WhiteTeam "Naumburger SV"]
[BlackTeam "Magdeburg SG Aufbau Elbe"]
[WhiteTeamCountry "GER"]
[BlackTeamCountry "GER"]

1. e4 c5 2. Nc3 d6 3. d3 g6 4. g3 Bg7 5. Bg2 Nc6 6. Be3 Nf6 7. h3 O-O 8. Nge2
Nd7 9. O-O Nd4 10. f4 Rb8 11. Bf2 Nxe2+ 12. Qxe2 b5 13. g4 b4 14. Nd1 a5 15.
Bg3 Bb7 16. Rb1 Rc8 17. Ne3 Nb6 18. Nc4 Ba6 19. b3 Bxc4 20. dxc4 Bd4+ 21. Bf2
e5 22. f5 Nd7 23. Kh1 f6 24. Bf3 g5 25. Kg2 Kg7 26. Be1 Nb8 27. a4 Nc6 28. Qd3
Qe7 29. Bd2 h6 30. Rh1 Rh8 31. Rh2 Rh7 32. h4 Rch8 33. Rbh1 Qd8 34. Bd1 Qc7 35.
Qh3 Kg8 36. Qd3 Kg7 1/2-1/2

[Event "Oberliga Ost A 2016 2017"]
[Site "Germany"]
[Date "2016.12.04"]
[Round "4.1"]
[White "Schuetze, Norman"]
[Black "Cerveny, Martin"]
[Result "0-1"]
[WhiteElo "2322"]
[BlackElo "2384"]
[PlyCount "44"]
[EventDate "2016.10.16"]
[EventType "team-tourn"]
[EventCountry "GER"]
[WhiteTeam "Loeberitz SG"]
[BlackTeam "Aue ESV Nickelhuette II"]
[WhiteTeamCountry "GER"]
[BlackTeamCountry "GER"]

1. e4 c5 2. Nf3 d6 3. d4 cxd4 4. Nxd4 Nf6 5. Nc3 a6 6. Bg5 e6 7. f4 Qc7 8. Qe2
h6 9. Bh4 Be7 10. e5 dxe5 11. fxe5 Nd5 12. Nxd5 Bxh4+ 13. g3 Qa5+ 14. Nc3 Be7
15. O-O-O Nd7 16. Nf3 Nb6 17. Kb1 Bd7 18. Bg2 Rc8 19. Nd2 Rxc3 20. bxc3 Na4 21.
Ne4 Nxc3+ 22. Nxc3 Qb4+ 0-1

[Event "Oberliga Ost A 2016 2017"]
[Site "Germany"]
[Date "2016.12.04"]
[Round "4.2"]
[White "Wichmann, Cliff"]
[Black "Schindler, Christian"]
[Result "1-0"]
[WhiteElo "2314"]
[BlackElo "2251"]
[PlyCount "153"]
[EventDate "2016.10.16"]
[EventType "team-tourn"]
[EventCountry "GER"]
[WhiteTeam "Aue ESV Nickelhuette II"]
[BlackTeam "Loeberitz SG"]
[WhiteTeamCountry "GER"]
[BlackTeamCountry "GER"]

1. d4 Nf6 2. c4 c5 3. d5 b5 4. Nf3 bxc4 5. Nc3 d6 6. e4 Bg4 7. Qa4+ Bd7 8. Qc2
g6 9. Bxc4 Bg7 10. O-O O-O 11. Re1 Bg4 12. Nd2 a5 13. f4 Bc8 14. Kh1 Na6 15. a3
Nc7 16. Nf3 Ba6 17. Bxa6 Rxa6 18. Be3 Rb6 19. Nd2 Nb5 20. Nc4 Rb8 21. Nxb5 Rxb5
22. a4 Rb7 23. Bd2 Ra7 24. Bc3 Nd7 25. Bxg7 Kxg7 26. Ra3 Nb6 27. Nxa5 Qa8 28.
Nc6 Rxa4 29. Rea1 Rxa3 30. Rxa3 Qb7 31. b4 Ra8 32. Rxa8 Nxa8 33. bxc5 dxc5 34.
h3 h5 35. Kh2 Qc7 36. e5 e6 37. Qxc5 exd5 38. Qxd5 Nb6 39. Qe4 Nd7 40. Nd4 Nf8
41. Nb5 Qc1 42. Nd4 Ne6 43. Nxe6+ fxe6 44. Kg3 Kh6 45. Qb4 Qe3+ 46. Kh2 Qf2 47.
Qf8+ Kh7 48. Qe7+ Kh6 49. Qg5+ Kh7 50. Qg3 Qd2 51. Qf3 Qe1 52. Qb7+ Kh6 53. Qc8
Kh7 54. Qxe6 h4 55. Qg4 Kg7 56. Qf3 Kh6 57. Qd3 Kg7 58. Qd7+ Kh6 59. Qg4 Kg7
60. Qg5 Kh7 61. e6 Kg7 62. e7 Kf7 63. e8=Q+ Qxe8 64. Qxh4 Qe4 65. Qg4 Kf6 66.
Qg5+ Kf7 67. Kg3 Qe1+ 68. Kg4 Qe4 69. Kh4 Qe1+ 70. g3 Qe2 71. Qd5+ Kf8 72. Qe5
Qd3 73. Qf6+ Kg8 74. g4 Kh7 75. Qe7+ Kg8 76. Kg5 Qd5+ 77. Kh6 1-0

[Event "Oberliga Ost A 2016 2017"]
[Site "Germany"]
[Date "2016.12.04"]
[Round "4.3"]
[White "Proehl, Holger"]
[Black "Pulpan, Jakub"]
[Result "1/2-1/2"]
[WhiteElo "2360"]
[BlackElo "2337"]
[PlyCount "121"]
[EventDate "2016.10.16"]
[EventType "team-tourn"]
[EventCountry "GER"]
[WhiteTeam "Loeberitz SG"]
[BlackTeam "Aue ESV Nickelhuette II"]
[WhiteTeamCountry "GER"]
[BlackTeamCountry "GER"]

1. e4 c5 2. c3 Nf6 3. e5 Nd5 4. g3 d6 5. exd6 e6 6. Bg2 Bxd6 7. Nf3 Nc6 8. O-O
O-O 9. d4 cxd4 10. Nxd4 Nxd4 11. Qxd4 Qc7 12. Nd2 Bd7 13. Qc4 Qb6 14. Qb3 Qc7
15. Nc4 Bc5 16. Re1 Nb6 17. Nxb6 axb6 18. Bf4 Qc8 19. c4 Bc6 20. a3 Rd8 21.
Rad1 Bd4 22. Bxc6 Qxc6 23. Be3 Bxe3 24. Qxe3 h6 25. Rd4 Rxd4 26. Qxd4 Ra4 27.
Rc1 b5 28. Qd8+ Kh7 29. Qd3+ f5 30. b4 Ra8 31. c5 b6 32. Rc3 bxc5 33. Rxc5 Qa6
34. Rc3 Qb6 35. Rc5 Qa6 36. Rc3 Qb6 37. Qe3 Qd6 38. Rd3 Qc6 39. Qe5 Rxa3 40.
Rxa3 Qc1+ 41. Kg2 Qxa3 42. Qxb5 Qa8+ 43. Kg1 Qe4 44. Qc5 e5 45. b5 f4 46. Qc6
Qe2 47. f3 g6 48. Qb7+ Kh8 49. Qc6 Kh7 50. b6 h5 51. Qe4 Qd1+ 52. Kg2 Qd2+ 53.
Kh3 Qd7+ 54. Kg2 Qd2+ 55. Kh3 Qd7+ 56. g4 hxg4+ 57. fxg4 Qb5 58. Kh4 Qxb6 59.
Qxe5 Qd8+ 60. g5 Qf8 61. Qc7+ 1/2-1/2

[Event "Oberliga Ost A 2016 2017"]
[Site "Germany"]
[Date "2016.12.04"]
[Round "4.4"]
[White "Jurasek, Miroslav"]
[Black "Pallas, Sebastian"]
[Result "0-1"]
[WhiteElo "2320"]
[BlackElo "2225"]
[PlyCount "94"]
[EventDate "2016.10.16"]
[EventType "team-tourn"]
[EventCountry "GER"]
[WhiteTeam "Aue ESV Nickelhuette II"]
[BlackTeam "Loeberitz SG"]
[WhiteTeamCountry "GER"]
[BlackTeamCountry "GER"]

1. c4 Nf6 2. g3 g6 3. Bg2 d5 4. cxd5 Nxd5 5. Nc3 Nb6 6. d3 Bg7 7. Be3 Nc6 8.
Qd2 Nd4 9. Rc1 Nf5 10. Bc5 O-O 11. e3 Nd7 12. Ba3 Ne5 13. Rd1 c6 14. Nge2 Qc7
15. b3 Rd8 16. Nc1 Nd6 17. O-O Bh3 18. Bb2 Bxg2 19. Kxg2 Nd7 20. N3e2 e5 21. f4
exf4 22. Bxg7 f3+ 23. Rxf3 Kxg7 24. Qb2+ Kg8 25. e4 Re8 26. h3 Rad8 27. g4 Qb6
28. Rdf1 Ne5 29. Rg3 Nb5 30. h4 Nd4 31. g5 Nxe2 32. Qxe2 Rd4 33. h5 Qc7 34. Qf2
Red8 35. h6 Qe7 36. Rd1 Rxe4 37. Qxa7 Red4 38. Re1 Qd6 39. Qa5 c5 40. Ree3 Qd5+
41. Kg1 Ng4 42. Ref3 Qxg5 43. Ne2 R4d7 44. Qc3 f5 45. Qc4+ Kh8 46. Nf4 Qf6 47.
Ne6 Ne5 0-1

[Event "Oberliga Ost A 2016 2017"]
[Site "Germany"]
[Date "2016.12.04"]
[Round "4.5"]
[White "Niegsch, Nicolas"]
[Black "Schnabel, Ralf"]
[Result "1-0"]
[WhiteElo "2191"]
[BlackElo "2235"]
[PlyCount "85"]
[EventDate "2016.10.16"]
[EventType "team-tourn"]
[EventCountry "GER"]
[WhiteTeam "Loeberitz SG"]
[BlackTeam "Aue ESV Nickelhuette II"]
[WhiteTeamCountry "GER"]
[BlackTeamCountry "GER"]

1. e4 Nf6 2. Nc3 e6 3. d4 Bb4 4. e5 Nd5 5. Qg4 Nxc3 6. Qxg7 Rf8 7. a3 Be7 8.
bxc3 c5 9. Nf3 Nc6 10. Bd3 d5 11. dxc5 Qa5 12. O-O Qxc5 13. Bh6 Bd7 14. Qxh7
O-O-O 15. Bxf8 Rxf8 16. Rab1 Qxc3 17. Rb3 Qc5 18. Rfb1 Na5 19. Rb4 Qc7 20. Rf4
Be8 21. Rg4 Bxa3 22. Rg8 Qe7 23. h4 a6 24. h5 Rxg8 25. Qxg8 Qf8 26. Qg5 Be7 27.
Qe3 Nc6 28. h6 f5 29. exf6 Qxf6 30. Qb6 Nd8 31. Bxa6 Bc6 32. Nd4 Kd7 33. Nxc6
bxc6 34. h7 Ke8 35. Qe3 Bf8 36. Re1 Bg7 37. Qh3 Ke7 38. Bc8 c5 39. Qh5 Kd6 40.
Qe8 c4 41. Qd7+ Kc5 42. Qc7+ Kd4 43. Re3 1-0

[Event "Oberliga Ost A 2016 2017"]
[Site "Germany"]
[Date "2016.12.04"]
[Round "4.6"]
[White "Heinz, Juergen"]
[Black "Schuster, Martin"]
[Result "1-0"]
[WhiteElo "2220"]
[BlackElo "2223"]
[PlyCount "65"]
[EventDate "2016.10.16"]
[EventType "team-tourn"]
[EventCountry "GER"]
[WhiteTeam "Aue ESV Nickelhuette II"]
[BlackTeam "Loeberitz SG"]
[WhiteTeamCountry "GER"]
[BlackTeamCountry "GER"]

1. c4 e6 2. Nf3 Nf6 3. g3 d5 4. Bg2 Be7 5. O-O O-O 6. d4 dxc4 7. Qc2 a6 8. a4
Bd7 9. Nbd2 Bc6 10. Qxc4 a5 11. e3 Na6 12. b3 Bd5 13. Qe2 Ne4 14. Ba3 Bxa3 15.
Rxa3 Nb4 16. Nc4 Qe7 17. Raa1 Rfd8 18. Rfc1 b6 19. Nfe5 f6 20. Nd3 Rac8 21. Nf4
Ba8 22. h4 e5 23. dxe5 fxe5 24. Nh5 Nd3 25. Rc2 Ndxf2 26. Rf1 Rf8 27. Nd2 Qe6
28. Nxe4 Nxe4 29. Rxf8+ Kxf8 30. Qd3 Qg4 31. Rxc7 g6 32. Bxe4 Bxe4 33. Qd6+ 1-0

[Event "Oberliga Ost A 2016 2017"]
[Site "Germany"]
[Date "2016.12.04"]
[Round "4.7"]
[White "Kalkhof, Stefan"]
[Black "Floeter, Frank"]
[Result "1/2-1/2"]
[WhiteElo "2195"]
[BlackElo "2124"]
[PlyCount "24"]
[EventDate "2016.10.16"]
[EventType "team-tourn"]
[EventCountry "GER"]
[WhiteTeam "Loeberitz SG"]
[BlackTeam "Aue ESV Nickelhuette II"]
[WhiteTeamCountry "GER"]
[BlackTeamCountry "GER"]

1. Nf3 g6 2. d4 Nf6 3. Bg5 Bg7 4. c4 Ne4 5. Be3 d5 6. Nc3 Nxc3 7. bxc3 c5 8.
Qb3 dxc4 9. Qxc4 cxd4 10. Bxd4 O-O 11. Bxg7 Kxg7 12. g3 Be6 1/2-1/2

[Event "Oberliga Ost A 2016 2017"]
[Site "Germany"]
[Date "2016.12.04"]
[Round "4.8"]
[White "Heinz, Thomas"]
[Black "Stein, Robert"]
[Result "1/2-1/2"]
[WhiteElo "2144"]
[BlackElo "2130"]
[PlyCount "61"]
[EventDate "2016.10.16"]
[EventType "team-tourn"]
[EventCountry "GER"]
[WhiteTeam "Aue ESV Nickelhuette II"]
[BlackTeam "Loeberitz SG"]
[WhiteTeamCountry "GER"]
[BlackTeamCountry "GER"]

1. e4 c5 2. Nc3 Nc6 3. g3 g6 4. Bg2 Bg7 5. d3 d6 6. Be3 e6 7. Qd2 Nd4 8. Nd1
Ne7 9. c3 Ndc6 10. Bh6 O-O 11. h4 f6 12. Bxg7 Kxg7 13. f4 d5 14. Nf2 f5 15.
exd5 Nxd5 16. c4 Nde7 17. Nf3 Nd4 18. Ne5 Qd6 19. O-O-O h5 20. Rhe1 Rb8 21. Nh3
Bd7 22. Ng5 Bc6 23. Nxc6 Nexc6 24. Bxc6 Qxc6 25. Re5 b6 26. Rde1 Rfe8 27. R1e3
Rbd8 28. Qc3 Rd6 29. b3 Kg8 30. Qe1 Qg2 31. Qd2 1/2-1/2

[Event "Oberliga Ost A 2016 2017"]
[Site "Germany"]
[Date "2016.12.04"]
[Round "4.1"]
[White "Mueller, Richard"]
[Black "Woellermann, Jan"]
[Result "0-1"]
[WhiteElo "2170"]
[BlackElo "2379"]
[PlyCount "114"]
[EventDate "2016.10.16"]
[EventType "team-tourn"]
[EventCountry "GER"]
[WhiteTeam "Coswig TuS"]
[BlackTeam "Magdeburg SG Aufbau Elbe"]
[WhiteTeamCountry "GER"]
[BlackTeamCountry "GER"]

1. d4 Nf6 2. c4 e6 3. Nc3 Bb4 4. e3 d5 5. a3 Bxc3+ 6. bxc3 c6 7. Nf3 O-O 8. Bd3
b6 9. O-O Ba6 10. cxd5 Bxd3 11. Qxd3 cxd5 12. c4 Nc6 13. Bd2 Ne4 14. Rfc1 Qd7
15. Be1 Rfc8 16. a4 Nd6 17. cxd5 exd5 18. Ne5 Nxe5 19. dxe5 Ne4 20. Rd1 Rd8 21.
Qd4 Rac8 22. f3 Nc5 23. Ra2 Qc6 24. Rc1 Qe6 25. Ra3 Nd7 26. Rxc8 Rxc8 27. Rc3
Rc5 28. f4 h6 29. e4 dxe4 30. Qxe4 Rxc3 31. Bxc3 Nc5 32. Qd4 Qb3 33. a5 Ne6 34.
Qd2 Nxf4 35. h3 Qxc3 36. Qxf4 Qxa5 37. Qe4 Qc5+ 38. Kh2 a5 39. Qa8+ Kh7 40.
Qe4+ g6 41. Qf4 Qd5 42. h4 h5 43. g4 hxg4 44. h5 Qe6 45. hxg6+ Qxg6 46. Kg3 Qe6
47. Qg5 a4 48. Qh5+ Kg7 49. Qg5+ Qg6 50. Qe3 Kh7 51. Qd4 a3 52. Qa4 Qf5 53. Kh4
Kg6 54. Qc6+ Qe6 55. Qc2+ Kg7 56. Qc3 a2 57. Qb2 b5 0-1

[Event "Oberliga Ost A 2016 2017"]
[Site "Germany"]
[Date "2016.12.04"]
[Round "4.2"]
[White "Paul, Johannes"]
[Black "Pietsch, Michael"]
[Result "1/2-1/2"]
[WhiteElo "2297"]
[BlackElo "2146"]
[PlyCount "139"]
[EventDate "2016.10.16"]
[EventType "team-tourn"]
[EventCountry "GER"]
[WhiteTeam "Magdeburg SG Aufbau Elbe"]
[BlackTeam "Coswig TuS"]
[WhiteTeamCountry "GER"]
[BlackTeamCountry "GER"]

1. d4 Nf6 2. c4 e6 3. Nc3 Bb4 4. Qc2 O-O 5. a3 Bxc3+ 6. Qxc3 d5 7. Bg5 dxc4 8.
Qxc4 b6 9. Rd1 Ba6 10. Qc2 Nbd7 11. e4 Bxf1 12. Kxf1 Qc8 13. Ne2 Qb7 14. f3 c5
15. Kf2 Rfc8 16. Nc3 b5 17. d5 exd5 18. e5 b4 19. exf6 bxc3 20. bxc3 gxf6 21.
Bh6 Nf8 22. h4 Ne6 23. Rh3 d4 24. Qf5 Qe7 25. cxd4 cxd4 26. Rxd4 Kh8 27. Rd7
Qc5+ 28. Qxc5 Rxc5 29. Rxf7 Rc2+ 30. Ke3 Rxg2 31. Ke4 Re8 32. Kd3 Rg6 33. Be3
a6 34. h5 Rd8+ 35. Ke4 Ng5+ 36. Bxg5 Rxg5 37. Rxf6 Re8+ 38. Kd4 Rd8+ 39. Ke4
Re8+ 40. Kf4 Ra5 41. h6 Ra4+ 42. Kf5 Ra5+ 43. Kg4 Rxa3 44. Rh5 Rg8+ 45. Rg5
Rxg5+ 46. Kxg5 Ra5+ 47. Kg4 Kg8 48. f4 Ra1 49. f5 a5 50. Kg5 Rg1+ 51. Kf4 a4
52. Ra6 Kf7 53. Ra7+ Kf6 54. Ra6+ Kf7 55. Rxa4 Rf1+ 56. Ke5 Re1+ 57. Re4 Rxe4+
58. Kxe4 Kf6 59. Kf4 Kf7 60. Ke5 Ke7 61. Kf4 Kf6 62. Ke4 Kf7 63. Kd5 Kf6 64.
Ke4 Kf7 65. Ke5 Ke7 66. f6+ Kf7 67. Kf5 Kf8 68. Ke6 Ke8 69. f7+ Kf8 70. Kf6
1/2-1/2

[Event "Oberliga Ost A 2016 2017"]
[Site "Germany"]
[Date "2016.12.04"]
[Round "4.3"]
[White "Schweitzer, Andreas"]
[Black "Melamed, Tatjana"]
[Result "1/2-1/2"]
[WhiteElo "2210"]
[BlackElo "2318"]
[PlyCount "109"]
[EventDate "2016.10.16"]
[EventType "team-tourn"]
[EventCountry "GER"]
[WhiteTeam "Coswig TuS"]
[BlackTeam "Magdeburg SG Aufbau Elbe"]
[WhiteTeamCountry "GER"]
[BlackTeamCountry "GER"]

1. e4 c5 2. Nf3 Nc6 3. d4 cxd4 4. Nxd4 g6 5. c4 Bg7 6. Be3 Nf6 7. Nc3 O-O 8.
Be2 d6 9. O-O Nxd4 10. Bxd4 Bd7 11. Qd2 Bc6 12. f3 Nd7 13. Be3 a5 14. b3 Nc5
15. Rab1 Qb6 16. Qc1 Qb4 17. Nd1 Qb6 18. a3 Qc7 19. Nc3 a4 20. Nd5 Bxd5 21.
cxd5 axb3 22. Rxb3 Rfc8 23. Rb5 Na4 24. Qxc7 Rxc7 25. Kf2 Nc3 26. Rb3 Nxe2 27.
Kxe2 Rc2+ 28. Bd2 Ra4 29. Rd3 Bh6 30. Rb1 Rxd2+ 31. Rxd2 Bxd2 32. Kxd2 Rxa3 33.
Rxb7 Ra2+ 34. Ke1 Kf8 35. Kf1 g5 36. Rb8+ Kg7 37. Re8 Kf6 38. Rh8 Kg7 39. Re8
Ra7 40. g4 Kf6 41. Rh8 Ke5 42. Rxh7 f6 43. h4 Kf4 44. Kg2 gxh4 45. Rf7 h3+ 46.
Kxh3 Kxf3 47. g5 Ra1 48. Kh2 Ra2+ 49. Kh3 Ra8 50. g6 Ra1 51. Kh2 Ra2+ 52. Kh3
Ra1 53. Kh2 Ra2+ 54. Kh3 Ra1 55. Kh2 1/2-1/2

[Event "Oberliga Ost A 2016 2017"]
[Site "Germany"]
[Date "2016.12.04"]
[Round "4.4"]
[White "Schoene, Maria"]
[Black "Escher, Thomas"]
[Result "1-0"]
[WhiteElo "2273"]
[BlackElo "2181"]
[PlyCount "43"]
[EventDate "2016.10.16"]
[EventType "team-tourn"]
[EventCountry "GER"]
[WhiteTeam "Magdeburg SG Aufbau Elbe"]
[BlackTeam "Coswig TuS"]
[WhiteTeamCountry "GER"]
[BlackTeamCountry "GER"]

1. e4 e5 2. Nf3 Nf6 3. Nxe5 d6 4. Nf3 Nxe4 5. d4 d5 6. Bd3 Nc6 7. O-O Be7 8. c4
Nb4 9. Be2 O-O 10. a3 Nc6 11. cxd5 Qxd5 12. Nc3 Nxc3 13. bxc3 Bf5 14. Bf4 Qd7
15. d5 Na5 16. Ne5 Qe8 17. Re1 f6 18. Nc4 Nxc4 19. Bxc4 Kh8 20. d6 cxd6 21. Qd5
Qd7 22. Bb5 1-0